[Event "Skakthing Reykjavikur"]
[Site "Reykjavik"]
[Date "2017.01.18"]
[Round "4"]
[White "Ragnarsson, Dagur"]
[Black "Johannesson, Orn Leo"]
[Result "1-0"]
[WhiteElo "2276"]
[BlackElo "2215"]
[PlyCount "65"]
[EventDate "2017.01.08"]
[EventType "swiss"]
[EventRounds "9"]
[EventCountry "ISL"]

1. e4 e6 2. d4 d5 3. Nd2 dxe4 4. Nxe4 Nd7 5. Nf3 Ngf6 6. Bd3 Nxe4 7. Bxe4 Nf6
8. Bd3 c5 9. O-O cxd4 10. Nxd4 Be7 11. c3 O-O 12. Qf3 Qd5 13. Qxd5 Nxd5 14. Re1
Rd8 15. Be4 Bf6 16. Nb5 a6 17. Bxd5 axb5 18. Bf3 e5 19. a3 Ra6 20. Be3 Rad6 21.
h3 b6 22. Be2 Bd7 23. Rac1 h6 24. c4 e4 25. Bf4 Re6 26. cxb5 Bxb2 27. Rc7 Rf6
28. Bg3 Be6 29. a4 Ra8 30. Bd1 Rd8 31. Bc2 Rd2 32. Rxe4 Bd4 33. Rc8+ 1-0

[Event "Skakthing Reykjavikur"]
[Site "Reykjavik"]
[Date "2017.01.18"]
[Round "4"]
[White "Ptacnikova, Lenka"]
[Black "Fridjonsson, Julius"]
[Result "1-0"]
[WhiteElo "2210"]
[BlackElo "2145"]
[PlyCount "147"]
[EventDate "2017.01.08"]
[EventType "swiss"]
[EventRounds "9"]
[EventCountry "ISL"]

1. e4 c6 2. d3 d5 3. Nd2 e5 4. Ngf3 Bd6 5. c3 Nf6 6. Be2 O-O 7. O-O Re8 8. Qc2
Bg4 9. Re1 Nbd7 10. Nf1 h6 11. Be3 Qc7 12. Ng3 Rad8 13. h3 Be6 14. Nf5 Bxf5 15.
exf5 c5 16. Rad1 a6 17. g4 e4 18. dxe4 dxe4 19. Nd2 b5 20. a4 c4 21. axb5 axb5
22. b3 Bc5 23. Kg2 Ne5 24. Bxc5 Qxc5 25. bxc4 Nd3 26. Bxd3 exd3 27. Rxe8+ Nxe8
28. Qb3 Nd6 29. cxb5 Nxb5 30. Ne4 Qc6 31. f3 Re8 32. Rxd3 Rxe4 33. fxe4 Qxe4+
34. Rf3 Qe2+ 35. Rf2 Qe4+ 36. Kg3 Qe3+ 37. Rf3 Qe1+ 38. Kf4 Qd2+ 39. Re3 Qf2+
40. Rf3 Qd2+ 41. Re3 Qf2+ 42. Ke4 Nd6+ 43. Kd3 Qf1+ 44. Re2 Qf3+ 45. Kd2 Ne4+
46. Rxe4 Qxe4 47. c4 Qg2+ 48. Kc1 h5 49. Qc2 Qg1+ 50. Kb2 hxg4 51. hxg4 Qxg4
52. Kb3 Qf3+ 53. Kb4 Qb7+ 54. Kc3 Qf3+ 55. Kd4 g5 56. fxg6 Qf6+ 57. Ke3 Qe5+
58. Qe4 Qg3+ 59. Kd4 Qd6+ 60. Qd5 Qxg6 61. c5 Qg1+ 62. Kc3 Qg3+ 63. Kb4 Qb8+
64. Ka5 Kf8 65. c6 Qc7+ 66. Kb5 Ke7 67. Qc5+ Ke8 68. Qe3+ Kf8 69. Qb6 Qc8 70.
Qc5+ Ke8 71. Qe5+ Kd8 72. Qf6+ Kc7 73. Qe7+ Kb8 74. Kb6 1-0

[Event "Skakthing Reykjavikur"]
[Site "Reykjavik"]
[Date "2017.01.18"]
[Round "4"]
[White "Fivelstad, Jon Olav"]
[Black "Kjartansson, Gudmundur"]
[Result "0-1"]
[WhiteElo "1920"]
[BlackElo "2468"]
[PlyCount "62"]
[EventDate "2017.01.08"]
[EventType "swiss"]
[EventRounds "9"]
[EventCountry "ISL"]

1. d4 Nf6 2. c4 e6 3. Nc3 Bb4 4. Qc2 d5 5. Nf3 dxc4 6. Bg5 h6 7. Bxf6 Qxf6 8.
e3 O-O 9. Bxc4 c5 10. O-O cxd4 11. Ne4 Qe7 12. exd4 Bd7 13. a3 Bd6 14. Rad1 Rc8
15. Qd3 Be8 16. Rfe1 Nd7 17. Ba2 Nf6 18. Bb1 g6 19. Ne5 Bxe5 20. dxe5 Nxe4 21.
Qxe4 Bc6 22. Qf4 Qg5 23. Qxg5 hxg5 24. f3 Kf8 25. Kf2 Ke7 26. Kg3 Rh8 27. Rd4
Rac8 28. Ba2 Be8 29. Bb3 Rc5 30. h3 Bc6 31. Bc4 Rh4 0-1

[Event "Skakthing Reykjavikur"]
[Site "Reykjavik"]
[Date "2017.01.18"]
[Round "4"]
[White "Eliasson, Kristjan Orn"]
[Black "Jonasson, Benedikt"]
[Result "0-1"]
[WhiteElo "1900"]
[BlackElo "2208"]
[PlyCount "94"]
[EventDate "2017.01.08"]
[EventType "swiss"]
[EventRounds "9"]
[EventCountry "ISL"]

1. e4 c5 2. Nf3 Nc6 3. d4 cxd4 4. Nxd4 g6 5. Be3 Bg7 6. c3 Nf6 7. Nd2 O-O 8.
Qc2 d5 9. Nxc6 bxc6 10. Bd3 e5 11. Bc5 Re8 12. O-O Bh6 13. Rad1 Qc7 14. f3 Be6
15. b3 Rad8 16. Rfe1 Nh5 17. Bf2 Nf4 18. Bf1 f5 19. Be3 Nh3+ 20. gxh3 Bxe3+ 21.
Kh1 Bf4 22. exf5 Bxf5 23. Bd3 Qf7 24. Rg1 Kh8 25. Bxf5 gxf5 26. Nf1 Qh5 27. Qg2
Rg8 28. Ng3 Qf7 29. Qc2 Rdf8 30. Rg2 Rg6 31. Qd3 Rh6 32. Ne2 Rh4 33. Rdg1 Qf6
34. Nxf4 Rxf4 35. Qe3 d4 36. cxd4 Rxd4 37. Rg7 Rfd8 38. Rxa7 Rd1 39. a4 Rxg1+
40. Qxg1 e4 41. Qe1 exf3 42. h4 Qd4 43. Re7 Qd1 44. Re8+ Kg7 45. Kg1 Qd4+ 46.
Qe3 Qg4+ 47. Kf1 Rd1+ 0-1

[Event "Skakthing Reykjavikur"]
[Site "Reykjavik"]
[Date "2017.01.18"]
[Round "4"]
[White "Omarsson, Dadi"]
[Black "Briem, Stephan"]
[Result "1-0"]
[WhiteElo "2197"]
[BlackElo "1803"]
[PlyCount "83"]
[EventDate "2017.01.08"]
[EventType "swiss"]
[EventRounds "9"]
[EventCountry "ISL"]

1. e4 c5 2. Nf3 d6 3. d4 cxd4 4. Nxd4 Nf6 5. Nc3 g6 6. Be3 Bg7 7. f3 O-O 8. Bc4
Nc6 9. Bb3 Bd7 10. Qd2 Rb8 11. Nxc6 bxc6 12. Bxa7 Rb7 13. Be3 Qa5 14. Rb1 Be6
15. Ne2 Qa6 16. O-O c5 17. Bxe6 fxe6 18. Nc3 Nd7 19. b3 Ne5 20. a4 Qc6 21. Kh1
Rd7 22. Bh6 Bxh6 23. Qxh6 d5 24. exd5 exd5 25. Qh3 Rf5 26. Rbe1 Nf7 27. f4 Qf6
28. Ne2 d4 29. Ng3 Rfd5 30. Re6 Qg7 31. Rc6 d3 32. cxd3 Rxd3 33. Rxc5 Qf6 34.
f5 Rd1 35. Rc8+ Nd8 36. Rc1 R1d3 37. fxg6 Qxg6 38. Rc4 Kh8 39. Rg4 Qe8 40. Qh6
Qf7 41. Qf8+ Qxf8 42. Rxf8# 1-0

[Event "Skakthing Reykjavikur"]
[Site "Reykjavik"]
[Date "2017.01.18"]
[Round "4"]
[White "Olafsson, Thorvadur F"]
[Black "Antonsson, Atli"]
[Result "1-0"]
[WhiteElo "2188"]
[BlackElo "1857"]
[PlyCount "69"]
[EventDate "2017.01.08"]
[EventType "swiss"]
[EventRounds "9"]
[EventCountry "ISL"]

1. e4 c5 2. Nf3 d6 3. d4 cxd4 4. Qxd4 a6 5. c4 Nc6 6. Qd2 g6 7. b3 Nf6 8. Nc3
Bg7 9. Bb2 O-O 10. Bd3 Qa5 11. Nd5 Qxd2+ 12. Nxd2 Nxd5 13. Bxg7 Kxg7 14. cxd5
Ne5 15. Ke2 Bd7 16. f4 Nxd3 17. Kxd3 Bb5+ 18. Kd4 a5 19. Rhc1 Rfc8 20. a3 a4
21. b4 h5 22. Nc4 Bxc4 23. Rxc4 Rxc4+ 24. Kxc4 Rc8+ 25. Kb5 Rc2 26. Kxa4 Re2
27. Kb5 Rxe4 28. Kb6 e5 29. fxe5 Rxe5 30. Kxb7 Rxd5 31. a4 Re5 32. Kc6 d5 33.
a5 d4 34. a6 d3 35. a7 1-0

[Event "Skakthing Reykjavikur"]
[Site "Reykjavik"]
[Date "2017.01.18"]
[Round "4"]
[White "Viglundsson, Bjorgvin"]
[Black "Gardarsson, Halldor"]
[Result "1-0"]
[WhiteElo "2185"]
[BlackElo "1783"]
[PlyCount "101"]
[EventDate "2017.01.08"]
[EventType "swiss"]
[EventRounds "9"]
[EventCountry "ISL"]

1. d4 Nf6 2. c4 e6 3. Nf3 b6 4. a3 Bb7 5. Nc3 d5 6. Bg5 Be7 7. e3 dxc4 8. Bxc4
Nd5 9. Bxd5 exd5 10. Bxe7 Qxe7 11. O-O O-O 12. Rc1 c6 13. Re1 f5 14. Ne5 Nd7
15. Nxd7 Qxd7 16. Ne2 Rac8 17. Qa4 Ba8 18. Nf4 Qe7 19. b4 Rc7 20. Nd3 Rfc8 21.
Rc3 a5 22. Rec1 axb4 23. axb4 Ra7 24. Qc2 Rf8 25. g3 Qe4 26. Qb3 Re7 27. Ne5
Rxe5 28. dxe5 Qxe5 29. Qd1 Bb7 30. Qd4 Qxd4 31. exd4 b5 32. Re3 Kf7 33. Rce1
Bc8 34. Re7+ Kf6 35. f4 Rf7 36. Re8 Bd7 37. Rh8 g6 38. Kf2 h5 39. Rb8 Be6 40.
Ra8 Rc7 41. Rea1 Bd7 42. R1a7 Rxa7 43. Rxa7 Be8 44. Kg2 Bf7 45. Kh3 Ke6 46. Kh4
Kf6 47. Rb7 Ke6 48. Kg5 Be8 49. Kh6 Kf6 50. Rc7 Ke6 51. Kg7 1-0

[Event "Skakthing Reykjavikur"]
[Site "Reykjavik"]
[Date "2017.01.18"]
[Round "4"]
[White "Jonsson, Olafur Gisli"]
[Black "Birkisson, Bardur Orn"]
[Result "0-1"]
[WhiteElo "1865"]
[BlackElo "2175"]
[PlyCount "56"]
[EventDate "2017.01.08"]
[EventType "swiss"]
[EventRounds "9"]
[EventCountry "ISL"]

1. e4 g6 2. d4 Bg7 3. Nc3 c6 4. Be3 d5 5. e5 h5 6. Bd3 Nh6 7. Nge2 Qb6 8. Qd2
Bf5 9. Nf4 Bxd3 10. Qxd3 Nf5 11. e6 Bxd4 12. exf7+ Kxf7 13. O-O Nd7 14. Ncxd5
cxd5 15. Nxd5 Qc5 16. Bxd4 Qxd4 17. Qf3 Ne5 18. Qb3 Qc4 19. Rfe1 Qxb3 20. axb3
Nc6 21. b4 a6 22. Rad1 Rad8 23. c3 e6 24. Nf4 Rxd1 25. Rxd1 Rd8 26. Re1 e5 27.
Nh3 Kf6 28. Kf1 Rd2 0-1

[Event "Skakthing Reykjavikur"]
[Site "Reykjavik"]
[Date "2017.01.18"]
[Round "4"]
[White "Thorsteinsson, Hilmar"]
[Black "Ingvason, Johann"]
[Result "1/2-1/2"]
[WhiteElo "1840"]
[BlackElo "2124"]
[PlyCount "109"]
[EventDate "2017.01.08"]
[EventType "swiss"]
[EventRounds "9"]
[EventCountry "ISL"]

1. d4 d5 2. c4 e6 3. Nf3 c6 4. Qc2 Nd7 5. Bg5 Be7 6. Bxe7 Nxe7 7. e3 h6 8. Nc3
O-O 9. Rd1 Qa5 10. Qa4 Qxa4 11. Nxa4 dxc4 12. Nc5 b5 13. b3 cxb3 14. axb3 Rd8
15. Rc1 a5 16. Bd3 a4 17. bxa4 bxa4 18. Nxd7 Rxd7 19. Ne5 Rc7 20. Nc4 Ba6 21.
Ra1 Bxc4 22. Bxc4 c5 23. dxc5 Rxc5 24. Bd3 a3 25. Kd2 f5 26. Rhc1 Rca5 27. Rc3
Kf7 28. g3 Kf6 29. e4 g5 30. f3 f4 31. g4 Ng6 32. Ra2 Ne5 33. Be2 h5 34. h3
hxg4 35. hxg4 R5a7 36. Kc2 Ra5 37. Kd2 Ng6 38. Rd3 R8a7 39. Rc3 Ne5 40. Kc2 Nd7
41. Kd2 Ke5 42. Bf1 Ra8 43. Rd3 Nb6 44. Rc3 Rh8 45. Raxa3 Rh2+ 46. Ke1 Rxa3 47.
Rxa3 Rb2 48. Rd3 Na4 49. Be2 Nc5 50. Rc3 Nb3 51. Bd1 Nd4 52. Rc5+ Kf6 53. Rc4
Ke5 54. Rc5+ Kf6 55. Rc4 1/2-1/2

[Event "Skakthing Reykjavikur"]
[Site "Reykjavik"]
[Date "2017.01.18"]
[Round "4"]
[White "Arnarsson, Hrannar"]
[Black "Einarsson, Oskar Long"]
[Result "1-0"]
[WhiteElo "2066"]
[BlackElo "1671"]
[PlyCount "59"]
[EventDate "2017.01.08"]
[EventType "swiss"]
[EventRounds "9"]
[EventCountry "ISL"]

1. e4 c5 2. Nf3 d6 3. d4 Nf6 4. Nc3 cxd4 5. Nxd4 a6 6. g3 e5 7. Nde2 Nc6 8. Bg2
Be6 9. O-O Be7 10. Nd5 O-O 11. Nec3 Rc8 12. Nxe7+ Nxe7 13. h3 h6 14. Be3 b5 15.
Nd5 Nexd5 16. exd5 Bf5 17. c3 Be4 18. a4 Qd7 19. Qb3 Bd3 20. Rfd1 Bc4 21. Qb4
e4 22. axb5 Nxd5 23. Rxd5 Bxd5 24. bxa6 Rb8 25. Qd4 Qc6 26. a7 Rxb2 27. c4 Bxc4
28. Qxb2 d5 29. Qb6 Qc8 30. Bf4 1-0

[Event "Skakthing Reykjavikur"]
[Site "Reykjavik"]
[Date "2017.01.18"]
[Round "4"]
[White "Mai, Alexander Oliver"]
[Black "Jonsson, Gauti Pall"]
[Result "0-1"]
[WhiteElo "1837"]
[BlackElo "2036"]
[PlyCount "78"]
[EventDate "2017.01.08"]
[EventType "swiss"]
[EventRounds "9"]
[EventCountry "ISL"]

1. e4 e6 2. d3 c5 3. g3 Nc6 4. Bg2 g6 5. Nf3 Bg7 6. O-O Nge7 7. Nbd2 O-O 8. c3
d5 9. Qe2 b6 10. a3 a5 11. Rd1 Ba6 12. c4 Qd7 13. exd5 exd5 14. cxd5 Nxd5 15.
Nc4 Rfe8 16. Qc2 Rad8 17. Bf1 Qf5 18. Nh4 Qg4 19. Ne3 Nxe3 20. Bxe3 Nd4 21.
Bxd4 Bxd4 22. Re1 Bb7 23. Bg2 Bxg2 24. Nxg2 Qf3 25. Rxe8+ Rxe8 26. Re1 Rxe1+
27. Nxe1 Qf6 28. b3 Bc3 29. Nf3 Bb2 30. Qe2 Bxa3 31. Qe8+ Kg7 32. Ne5 Bb2 33.
Nd7 Qd6 34. Qc8 Bd4 35. Qb7 Qe6 36. Kg2 Qf5 37. f4 Qxd3 38. Qa8 Qe2+ 39. Kh1
Qf1# 0-1

[Event "Skakthing Reykjavikur"]
[Site "Reykjavik"]
[Date "2017.01.18"]
[Round "4"]
[White "Haraldsson, Sigurjon"]
[Black "Mai, Aron Thor"]
[Result "1/2-1/2"]
[WhiteElo "1784"]
[BlackElo "1965"]
[PlyCount "81"]
[EventDate "2017.01.08"]
[EventType "swiss"]
[EventRounds "9"]
[EventCountry "ISL"]

1. d4 Nf6 2. Nf3 g6 3. c4 Bg7 4. Nc3 d6 5. e4 O-O 6. Be2 e5 7. O-O Nc6 8. Be3
Ng4 9. Bg5 f6 10. Bh4 g5 11. Bg3 Nh6 12. dxe5 dxe5 13. Qxd8 Nxd8 14. Nd5 Rf7
15. h4 gxh4 16. Nxh4 Ne6 17. Bh5 Rd7 18. Nf5 Nxf5 19. exf5 Nd4 20. Bh4 Nxf5 21.
Nxf6+ Bxf6 22. Bxf6 Nd6 23. b3 Nf7 24. f4 e4 25. Rae1 Rd6 26. Be5 Nxe5 27. fxe5
Rd4 28. Bf7+ Kg7 29. Bd5 c6 30. Rf7+ Kg8 31. Ref1 cxd5 32. Rf8+ Kg7 33. e6 Bxe6
34. Rxa8 dxc4 35. Rxa7 Bd5 36. bxc4 Rxc4 37. Ra3 Bf7 38. Ra7 Rb4 39. a4 Rb2 40.
Ra5 Be8 41. Re5 1/2-1/2

[Event "Skakthing Reykjavikur"]
[Site "Reykjavik"]
[Date "2017.01.18"]
[Round "4"]
[White "Magnusson, Thorsteinn"]
[Black "Hannesson, Sigurdur Orn"]
[Result "0-1"]
[WhiteElo "1383"]
[BlackElo "1632"]
[PlyCount "130"]
[EventDate "2017.01.08"]
[EventType "swiss"]
[EventRounds "9"]
[EventCountry "ISL"]

1. d4 Nf6 2. Bf4 b6 3. e3 e6 4. h3 Bb7 5. Nf3 c5 6. c3 Be7 7. Be2 Nc6 8. Nbd2
O-O 9. O-O cxd4 10. exd4 d6 11. Re1 Rc8 12. Bc4 Qd7 13. Rc1 Na5 14. Bd3 Nc6 15.
Qe2 Rfe8 16. Nc4 b5 17. Ne3 a6 18. a3 Bf8 19. Nf1 Ne7 20. N1d2 Ng6 21. Bh2 Nd5
22. Bc2 Ndf4 23. Bxf4 Nxf4 24. Qe3 Nd5 25. Qe4 Nf6 26. Qh4 Qe7 27. Re2 g6 28.
Rce1 Nd5 29. Qxe7 Nxe7 30. Be4 d5 31. Bc2 Nc6 32. h4 a5 33. g4 b4 34. axb4 axb4
35. cxb4 Nxb4 36. Ba4 Re7 37. Ne5 Nc2 38. Bxc2 Rxc2 39. Nb3 Rec7 40. Nc5 Rxe2
41. Rxe2 Bxc5 42. dxc5 Rxc5 43. Nd7 Rc1+ 44. Kh2 Kg7 45. g5 Rc4 46. Kg3 Bc6 47.
Ne5 Rc5 48. Re3 d4 49. Re1 Bb5 50. f4 Rc2 51. Rd1 d3 52. Nxd3 Bxd3 53. Rxd3
Rxb2 54. Rd7 Rb5 55. Re7 Rf5 56. Rb7 h6 57. Rb4 e5 58. gxh6+ Kxh6 59. fxe5 Rxe5
60. Rf4 f5 61. Kf3 Kh5 62. Kg3 Re4 63. Rxe4 fxe4 64. Kf4 Kxh4 65. Kxe4 Kg3 0-1

[Event "Skakthing Reykjavikur"]
[Site "Reykjavik"]
[Date "2017.01.18"]
[Round "4"]
[White "Sveinsson, Gudmundur"]
[Black "Birkisson, Bjorn Holm"]
[Result "0-1"]
[WhiteElo "1267"]
[BlackElo "1979"]
[PlyCount "136"]
[EventDate "2017.01.08"]
[EventType "swiss"]
[EventRounds "9"]
[EventCountry "ISL"]

1. e4 g6 2. d4 Bg7 3. c4 e6 4. Nf3 Ne7 5. Nc3 b6 6. Be2 Bb7 7. Be3 d6 8. O-O
O-O 9. Qd2 Nd7 10. Bh6 a6 11. Bxg7 Kxg7 12. Rfe1 h6 13. Bf1 f5 14. exf5 Bxf3
15. fxe6 Nf6 16. gxf3 Nh5 17. Bg2 Nf4 18. d5 Nxg2 19. Kxg2 Nf5 20. e7 Nxe7 21.
Qd4+ Kh7 22. Re6 Nf5 23. Qg4 Qg5 24. Ne4 Nh4+ 25. Kf1 Qf4 26. Re7+ Kg8 27. Qe6+
Rf7 28. Rxf7 Qxf7 29. Nf6+ Kg7 30. Qxf7+ Kxf7 31. Ng4 h5 32. Ne3 Nxf3 33. Kg2
Ne5 34. b3 g5 35. Re1 Nd3 36. Rd1 Ne5 37. Re1 Kg6 38. Nc2 Rf8 39. Nd4 Rf4 40.
Ne6 Rg4+ 41. Kh1 Nf3 42. Rd1 Kf5 43. Nxc7 Rh4 44. Kg2 g4 45. Rh1 Rh3 46. Nxa6
Nh4+ 47. Kf1 Rc3 48. Ke2 Rc2+ 49. Kd3 Rxa2 50. Nc7 Kf4 51. h3 Ng6 52. Ne6+ Kf3
53. Rh2 Ne5+ 54. Kd4 Rd2+ 55. Kc3 Rxf2 56. Rxf2+ Kxf2 57. hxg4 hxg4 58. Kd2 g3
59. Nf4 g2 60. Nxg2 Kxg2 61. Ke3 Kg3 62. Kd4 Kf4 63. b4 Nd7 64. Kd3 Ke5 65. Ke3
b5 66. cxb5 Kxd5 67. Kd3 Nb6 68. Kc3 Ke4 0-1

[Event "Skakthing Reykjavikur"]
[Site "Reykjavik"]
[Date "2017.01.18"]
[Round "4"]
[White "Jonatansson, Sigurdur Freyr"]
[Black "Heidarsson, Arnar"]
[Result "1-0"]
[WhiteElo "1682"]
[BlackElo "1376"]
[PlyCount "105"]
[EventDate "2017.01.08"]
[EventType "swiss"]
[EventRounds "9"]
[EventCountry "ISL"]

1. e4 e5 2. Nf3 Nc6 3. Bb5 Nge7 4. c3 d6 5. d4 exd4 6. cxd4 a6 7. Ba4 d5 8. Nc3
dxe4 9. Nxe4 Bg4 10. Bb3 Nd5 11. Qe2 Be7 12. Be3 O-O 13. O-O Re8 14. h3 Bf8 15.
hxg4 Rxe4 16. Qc4 Nce7 17. Ne5 f6 18. Bc2 Rxe3 19. fxe3 fxe5 20. e4 exd4 21.
exd5 Qxd5 22. Qxd5+ Nxd5 23. Bb3 Rd8 24. Rf5 c6 25. Raf1 Bc5 26. Kh1 Kh8 27.
Bxd5 cxd5 28. Rf7 b6 29. a3 a5 30. Rd1 Kg8 31. Rf5 Rf8 32. b4 Rxf5 33. gxf5
axb4 34. axb4 Bxb4 35. Rxd4 Bc5 36. Rxd5 g6 37. g4 gxf5 38. gxf5 Kf7 39. Kg2
Kf6 40. Kf3 h5 41. Ke4 Be7 42. Rd1 h4 43. Rg1 Bc5 44. Rg6+ Kf7 45. Kf3 b5 46.
Rh6 Be7 47. Rb6 b4 48. Ke4 Ke8 49. f6 Bd8 50. Rb7 Bxf6 51. Kf5 Be7 52. Ke6 Bd8
53. Rh7 1-0

[Event "Skakthing Reykjavikur"]
[Site "Reykjavik"]
[Date "2017.01.18"]
[Round "4"]
[White "Vignisson, Ingvar Egill"]
[Black "Olafsson, Arni"]
[Result "1-0"]
[WhiteElo "1652"]
[BlackElo "1224"]
[PlyCount "47"]
[EventDate "2017.01.08"]
[EventType "swiss"]
[EventRounds "9"]
[EventCountry "ISL"]

1. e4 e5 2. Nf3 Nc6 3. Bc4 Nf6 4. d3 Bc5 5. c3 d6 6. O-O O-O 7. b4 Bb6 8. Be3
Bxe3 9. fxe3 h6 10. Nbd2 Re8 11. Qe1 Be6 12. a4 Bxc4 13. Nxc4 a6 14. a5 Qd7 15.
Nh4 Ne7 16. Ra2 c5 17. Nb6 Qe6 18. Raf2 Rab8 19. Nf5 Ng6 20. Nxh6+ Kf8 21. Rxf6
gxf6 22. Rxf6 Qe7 23. Nd5 Qd7 24. Rxf7+ 1-0

[Event "Skakthing Reykjavikur"]
[Site "Reykjavik"]
[Date "2017.01.18"]
[Round "4"]
[White "Briem, Hedinn"]
[Black "Karlsson, Isak Orri"]
[Result "1-0"]
[WhiteElo "1576"]
[BlackElo "1200"]
[PlyCount "85"]
[EventDate "2017.01.08"]
[EventType "swiss"]
[EventRounds "9"]
[EventCountry "ISL"]

1. d4 Nf6 2. Bg5 h6 3. Bh4 g5 4. Bg3 d6 5. e3 Bg7 6. Bd3 Nbd7 7. Nf3 O-O 8.
Nbd2 Nh5 9. Nxg5 Ndf6 10. Nge4 Bg4 11. f3 Bd7 12. Bh4 Nxe4 13. Nxe4 d5 14. Ng3
Nf6 15. e4 dxe4 16. Nxe4 Nd5 17. c3 Nf4 18. Bf1 Ng6 19. Bf2 Re8 20. Qd2 e5 21.
O-O-O Bf5 22. Ng3 Be6 23. d5 Bc8 24. Be3 Kh7 25. Bd3 Rf8 26. Nf5 Bxf5 27. Bxf5
a5 28. g4 b5 29. h4 Kg8 30. Bxg6 fxg6 31. Bxh6 Rxf3 32. Bxg7 Kxg7 33. Qe2 Qf6
34. g5 Qf5 35. Rhf1 Rf8 36. Rxf3 Qxf3 37. Qxe5+ Kg8 38. Qe6+ Kg7 39. Qe7+ Rf7
40. Qe5+ Kg8 41. Re1 b4 42. cxb4 axb4 43. Qe4 1-0

[Event "Skakthing Reykjavikur"]
[Site "Reykjavik"]
[Date "2017.01.18"]
[Round "4"]
[White "Kristofersson, Sindri Snaer"]
[Black "Kristjansson, Halldor"]
[Result "1-0"]
[WhiteElo "1207"]
[BlackElo "1560"]
[PlyCount "45"]
[EventDate "2017.01.08"]
[EventType "swiss"]
[EventRounds "9"]
[EventCountry "ISL"]

1. d4 d5 2. c4 Nc6 3. Nf3 Bg4 4. e3 e5 5. h3 Bh5 6. g4 Bg6 7. Nxe5 Nxe5 8. dxe5
Bb4+ 9. Bd2 Bc5 10. Bc3 Be4 11. f3 Bxe3 12. Qe2 Qh4+ 13. Kd1 Bxb1 14. Qxe3 Bg6
15. e6 f6 16. cxd5 O-O-O 17. Bc4 Qg5 18. Qxa7 Rxd5+ 19. Bxd5 Qxd5+ 20. Kc1 b6
21. Rd1 Qxf3 22. Qa6+ Qb7 23. Rd8+ 1-0

[Event "Skakthing Reykjavikur"]
[Site "Reykjavik"]
[Date "2017.01.18"]
[Round "4"]
[White "Jonasson, Hordur"]
[Black "Thorisson, Bjartur"]
[Result "1-0"]
[WhiteElo "1528"]
[BlackElo "1010"]
[PlyCount "63"]
[EventDate "2017.01.08"]
[EventType "swiss"]
[EventRounds "9"]
[EventCountry "ISL"]

1. e4 c5 2. Nf3 e6 3. g3 Nc6 4. c3 Qc7 5. Bg2 Nf6 6. d3 Be7 7. O-O O-O 8. Re1
a6 9. e5 Ne8 10. Bf4 d5 11. d4 c4 12. b3 b5 13. bxc4 bxc4 14. a4 Bb7 15. Qc2
Qb6 16. Nbd2 Nc7 17. Rab1 Qa7 18. Ng5 Bxg5 19. Bxg5 Rab8 20. h4 h6 21. Bf4 a5
22. g4 Ne7 23. h5 Kh8 24. Re3 Ng8 25. Rg3 Ne8 26. g5 hxg5 27. Rxg5 f6 28. exf6
Nexf6 29. Rxg7 Rbe8 30. Rbxb7 Qa8 31. Rh7+ Nxh7 32. Qxh7# 1-0

[Event "Skakthing Reykjavikur"]
[Site "Reykjavik"]
[Date "2017.01.18"]
[Round "4"]
[White "Baldursson, Atli Mar"]
[Black "Arnarson, Smari"]
[Result "1/2-1/2"]
[WhiteElo "1226"]
[BlackElo "1501"]
[PlyCount "67"]
[EventDate "2017.01.08"]
[EventType "swiss"]
[EventRounds "9"]
[EventCountry "ISL"]

1. e4 e5 2. d4 exd4 3. Qxd4 Nc6 4. Qe3 Nf6 5. Nc3 Bb4 6. b3 O-O 7. Bb2 Qe7 8.
Bd3 Qe5 9. Nge2 d6 10. a3 Ba5 11. b4 Bb6 12. Qg3 Qxg3 13. hxg3 Ne5 14. Na4
Nxd3+ 15. cxd3 Bd7 16. Nxb6 axb6 17. Rc1 c5 18. Nf4 Bc6 19. Nh5 Nxh5 20. Rxh5
Rfe8 21. Kd2 g6 22. Rh4 f5 23. Rch1 Re7 24. f3 fxe4 25. dxe4 d5 26. exd5 Bxd5
27. Rg4 Rae8 28. Rg5 Rd7 29. Kc1 Re2 30. Rd1 Bc6 31. Rxd7 Bxd7 32. bxc5 bxc5
33. Rxc5 Rxg2 34. Rg5 1/2-1/2

[Event "Skakthing Reykjavikur"]
[Site "Reykjavik"]
[Date "2017.01.18"]
[Round "4"]
[White "Ragnarsson, Heimir Pall"]
[Black "Sigurdarson, Sveinn"]
[Result "1-0"]
[WhiteElo "1695"]
[BlackElo "1295"]
[PlyCount "65"]
[EventDate "2017.01.08"]
[EventType "swiss"]
[EventRounds "9"]
[EventCountry "ISL"]

1. c4 e5 2. g3 Nc6 3. Bg2 Bc5 4. Nf3 Nf6 5. d3 O-O 6. O-O d6 7. a3 a5 8. Nc3
Be6 9. Bg5 h6 10. Bxf6 Qxf6 11. Ne4 Qe7 12. Nxc5 dxc5 13. Nd2 Qd7 14. Ne4 b6
15. Nc3 Bh3 16. Qa4 Bxg2 17. Kxg2 Qe6 18. Nd5 Ra7 19. f4 exf4 20. Nxf4 Qd6 21.
e4 Ne5 22. Qc2 c6 23. Rf2 g5 24. Nh5 Ng4 25. Qc3 Qg6 26. Nf6+ Nxf6 27. Rxf6 Qh5
28. Raf1 g4 29. R1f5 Qh3+ 30. Kg1 Kh7 31. Qe5 Rg8 32. Rxf7+ Rxf7 33. Rxf7+ 1-0

[Event "Skakthing Reykjavikur"]
[Site "Reykjavik"]
[Date "2017.01.18"]
[Round "4"]
[White "Thrastarson, Tryggvi K"]
[Black "Petursson, Armann"]
[Result "1-0"]
[WhiteElo "1353"]
[BlackElo "1256"]
[PlyCount "61"]
[EventDate "2017.01.08"]
[EventType "swiss"]
[EventRounds "9"]
[EventCountry "ISL"]

1. c4 e5 2. Nc3 Nf6 3. Qc2 d5 4. cxd5 Nxd5 5. Qe4 Nxc3 6. Qxe5+ Be7 7. Qxc3 O-O
8. e4 Nc6 9. a3 a5 10. Nf3 Re8 11. Be2 Bf6 12. Qc2 Nd4 13. Nxd4 Bxd4 14. O-O
Bf5 15. d3 Qe7 16. Bd2 Be6 17. Bf3 a4 18. Rfe1 Bb3 19. Qc1 Qc5 20. Qxc5 Bxc5
21. Be3 Bxe3 22. Rxe3 Rad8 23. Bd1 Rd4 24. Bxb3 axb3 25. Rc1 c6 26. Rc3 Red8
27. Rxb3 b5 28. Rc3 Rc8 29. b4 f6 30. g4 Rcd8 31. Kg2 1-0